000 01150nam a22002531a 4500
999 _c18623
_d18623
001 18623
003 OSt
005 20260204212415.0
008 180328s2018||||dr ||||||b||||||||||spa||
090 _aCON 2018 G65
100 _aGómez Farías,José Alberto
_esustentante
245 _aEl presupuesto como herramienta de seguimiento y control en los centros de salud privados del municipio de Cotuí, año 2017/,José Alberto Gómez Farías, José Luis Gómez Farías y Fabio Ynfante García ; asesor Jorge Custodio Heredia
260 _aCotuí, Santo Domingo:
_bUTECO,
_c2018
264 _aSanto Domingo:
300 _a58 hojas :
_bIlustraciones ;
_c28cm.
502 _aTrabajo de grado (Licenciatura en Contabilidad) --Universidad Tecnológica del Cibao Oriental, 2008
504 _aIncluye referencia bibliográfica e índice
650 4 _aCentros de salud privados
700 1 _aGómez Farías, José Luís
_esustentante
700 1 _aGarcía, Fabio Ynfante
_esustentante
700 1 _aCustodio Heredia, Jorge
_easesor
830 _aTesis y disertaciones académicas (Universidad Tecnológica del Cibao Oriental)
942 _2LC
_cTH